00417 a2200157 450000500170000002000220001708200150003910000150005424500420006925000120011126000370012330000440016070000200020470000170022470000180024120250613092106.0 a978-0-07-281836-9 a658.15 BLO aBLOCHER, E aCost Management: A Strategic Emphasis a3rd Ed. aBostonbMcGraw-Hill Irwinc2005. axxiii, 930p.bGlossary and Indexc28 cm aKung H. Chen,  aGary Cokins  aThomas W. Lin